| 000 | 00545nam a22001697a 4500 | ||
|---|---|---|---|
| 005 | 20251108175454.0 | ||
| 008 | 250721s2015 xx 000 0 ara d | ||
| 082 | 1 | 4 | _a658/عوا |
| 100 | 1 | _aعواد، فتحي احمد ذياب | |
| 245 | 1 | 0 | _aإدارة الأعمال الحديثة بين النظرية والتطبيق / |
| 264 | 1 |
_aعمان : _bدار صفاء للنشر و التوزيع، _c2015. |
|
| 300 | _a263 ص. | ||
| 650 | 1 | 7 | _aإدارة الأعمال |
| 650 | 1 | 7 | _aالإدارة |
| 942 |
_2ddc _cBK |
||
| 999 |
_c134941 _d134941 |
||